Lyrics to 'Yo Más Te Adoro' by Morat - Statistics

General Stats
  • This quiz has been taken 49 times
  • The average score is 205 of 259
Answer Stats
Answer % Correct
5
100%
a
100%
adoro
100%
de
100%
Lunes
100%
lunes
100%
Martes
100%
más
100%
o
100%
te
100%
y
100%
Y
100%
yo
100%
Yo
100%
4
89%
complicados
89%
decides
89%
dejarás
89%
Domingo
89%
en
89%
Entre
89%
es
89%
esquivarme
89%
estas
89%
fue
89%
hizo
89%
Jamás
89%
jueves
89%
Me
89%
me
89%
mi
89%
Miércoles
89%
muy
89%
no
89%
"no
89%
nunca
89%
otra
89%
Pero
89%
puedes
89%
quizá
89%
Sábado
89%
se
89%
tarde
89%
ver
89%
verme
89%
ves
89%
vez
89%
viernes
89%
vino
89%
ya
89%
"ya
89%
Ya
89%
¿Cómo
78%
Cómo
78%
cómo
78%
desesperado
78%
enamoro
78%
explico?
78%
huyes
78%
loco
78%
problemas
78%
Pues
78%
son
78%
ti
78%
tienes
78%
tu
78%
78%
tus
78%
basta
67%
buscando
67%
cada
67%
calle
67%
con
67%
contar
67%
dedos
67%
días
67%
Duele
67%
entiendas
67%
fácil
67%
la
67%
las
67%
Las
67%
logro
67%
los
67%
Los
67%
mañana
67%
mano
67%
nada
67%
noches
67%
Pasarme
67%
perdida
67%
pierdo
67%
Podría
67%
por
67%
que
67%
Que
67%
recuerdo
67%
respuestas
67%
sigues
67%
solo
67%
sueño
67%
tan
67%
Todas
67%
veces
67%
verte
67%
vida?
67%
vida
67%
Vivir
67%
apostar
56%
confieso
56%
conocen
56%
decir
56%
entender
56%
esquina
56%
falles"
56%
hasta
56%
Hoy
56%
memoria
56%
miles
56%
pena
56%
perderte
56%
pierdes
56%
"quédate
56%
será
56%
sin
56%
tantos
56%
todo
56%
vale
56%
vano"
56%
vete"
56%
condena
44%
corazón
44%
cualquier
44%
cuento
44%
el
44%
eso
44%
historia
44%
Le
44%
nuestra
44%
poco
44%
quiero
44%
restando
44%
terco
44%
tiempo
44%
un
44%
Una
44%
vas
44%
terminas
33%
No matching quizzes found
Score Distribution
Percent of People with Each Score
Percentile by Number Answered
Your Score History
You have not taken this quiz